000 02014cas a2200553 a 4500
001 data
008 data
005 20260322212104.0
010 _a 92640014
_zsn 87028108
_zsn 87028108
016 7 _a22330400R
_2DNLM
016 7 _aH04580000
_2DNLM
019 _a2261832
022 _a0438-8542
029 1 _aAU@
_b000022104600
029 1 _aNLM
_b22330400R
030 _aHDPWA3
035 _a(OCoLC)1768688
040 _aMUL
_beng
_cMUL
_dOCLCL
_dOCL
_dNYG
_dDLC
_dOCL
_dNLM
_dOCLCQ
_dOCLCF
_dOCLCO
_dOCLCQ
_dOCLCO
_dOCLCA
_dOCLCL
042 _apcc
050 0 0 _aRA421
_b.H4135
060 0 0 _aW2 A2
_bW14h
082 0 4 _a614
_bU68
_1https://id.oclc.org/worldcat/ddc/E3Y9wpMtQ39kfCkF3T8fPVRYBJ
245 0 0 _aHealth data publications.
246 1 3 _aHealth data publication
260 _aWashington, D.C. :
_bWalter Reed Army Medical Center
300 _avolumes :
_billustrations, maps ;
_c26 cm
310 _aIrregular
336 _atext
_btxt
_2rdacontent
337 _aunmediated
_bn
_2rdamedia
338 _avolume
_bnc
_2rdacarrier
362 1 _aBegan with no. 1 (Nov. 1959); ceased with no. 42 (1968).
590 _aSERBIB/SERLOC merged record
500 _aEach no. has also a distinctive title (i.e. each no. deals with a particular country.).
515 _aMany no. issued in revised editions.
588 _aDescription based on: No. 2 (Jan. 1960).
588 _aLatest issue consulted: No. 13 (Sept. 1961).
650 0 _aPublic health.
650 2 _aPublic Health.
650 7 _aPublic health.
_2fast
_0(OCoLC)fst01082238
655 2 _aPeriodical.
710 2 _aWalter Reed Army Institute of Research.
_1https://id.oclc.org/worldcat/entity/E39QQPVp7Y3Mryj6DPd9XYVvTR
776 0 8 _iOnline version:
_tHealth data publications
_w(OCoLC)1393135336
890 _aUnited States. Health data publications.
_i92-640014
906 _a7
_bcbc
_cserials
_d3
_encip
_f19
_gn-oclcserc
920 _aKeep 1
991 _bc-GenColl
_hRA421
_i.H4135
_wSERIALS
992 _bSER
_wSERLOC
999 _c1512
_d1512